সিপাহী বিদ্রোহের ভূলে যাওয়া কাহিনী এবং একটি ঐতিহাসিক অবিচার / (Record no. 27584)

MARC details
000 -LEADER
fixed length control field 00918nam a22001817a 4500
003 - CONTROL NUMBER IDENTIFIER
control field BDDh-ASL
005 - DATE AND TIME OF LATEST TRANSACTION
control field 20231015030801.0
008 - FIXED-LENGTH DATA ELEMENTS--GENERAL INFORMATION
fixed length control field 211104s2001 bg ||||| |||| 00| 0 b d
040 ## - CATALOGING SOURCE
Original cataloging agency BDDh-ASL
Transcribing agency BDDh-ASL
082 ## - DEWEY DECIMAL CLASSIFICATION NUMBER
Classification number 954
Item number MOS
100 1# - MAIN ENTRY--PERSONAL NAME
9 (RLIN) 979
Personal name মঞ্জু, আনোয়ার হোসেইন
245 10 - TITLE STATEMENT
Title সিপাহী বিদ্রোহের ভূলে যাওয়া কাহিনী এবং একটি ঐতিহাসিক অবিচার /
246 ## - VARYING FORM OF TITLE
Title proper/short title Sipahee Bidroher Bhule Jaowa Kahini Ebong Ekti Oitihasik Abichar a rendering of historical events by Anwar Hossain Manju.
260 ## - PUBLICATION, DISTRIBUTION, ETC.
Place of publication, distribution, etc. ঢাকা :
Name of publisher, distributor, etc. ঐতিহ্য,
Date of publication, distribution, etc. 2001.
300 ## - PHYSICAL DESCRIPTION
Extent 127 p. :
Dimensions 22 cm.
650 #0 - SUBJECT ADDED ENTRY--TOPICAL TERM
Topical term or geographic name entry element সিপাহী বিদ্রোহ, সিপাহি বিদ্রোহ, সিপাহি যুদ্ধ (Sipahee Bidroho, ‍Sepoy War,)
9 (RLIN) 5598
942 ## - ADDED ENTRY ELEMENTS (KOHA)
Source of classification or shelving scheme Dewey Decimal Classification
Koha item type Books
Holdings
Withdrawn status Lost status Source of classification or shelving scheme Damaged status Not for loan Collection code Home library Current library Shelving location Date acquired Source of acquisition Total Checkouts Full call number Barcode Date last seen Copy number Price effective from Koha item type
    Dewey Decimal Classification     Non-fiction Asiatic Society Library Asiatic Society Library General Stacks 11/04/2021 Complimentary   954 MOS 113713 11/04/2021 C-1 11/04/2021 Books

Powered by Koha